00294 a2200121 4500001000700000020002200007040001100029100004300040240003900083245003400122300000700156362000900163186699 a978-85-909721-0-5 cMagnum aPorto, Maria Laura Braulia de Carvalho10aZuzu, a abelhinha distraídalpor10aZuzu, a abelhinha distraída a190 a2009